Effect of variety and plant spacing on seed yield and yield attributes of black cumin (Nigella sative L.) / (Record no. 10885)

MARC details
000 -LEADER
fixed length control field 01089nam a22002777a 4500
003 - CONTROL NUMBER IDENTIFIER
control field BD-DhSAU
005 - DATE AND TIME OF LATEST TRANSACTION
control field 20181210144902.0
008 - FIXED-LENGTH DATA ELEMENTS--GENERAL INFORMATION
fixed length control field 150826b2013 bg ||||| |||| 00| 0 eng d
040 ## - CATALOGING SOURCE
Original cataloging agency BD-DhSAU
082 ## - DEWEY DECIMAL CLASSIFICATION NUMBER
Edition number 22
Classification number 581
Item number K8325
100 ## - MAIN ENTRY--PERSONAL NAME
Personal name Koli, Sharmeen Akhter
Relator term Registration # 05-1779
245 ## - TITLE STATEMENT
Title Effect of variety and plant spacing on seed yield and yield attributes of black cumin (Nigella sative L.) /
Remainder of title MS thesis
260 ## - PUBLICATION, DISTRIBUTION, ETC. (IMPRINT)
Place of publication, distribution, etc. Sher-e-Bangla Agricultural University :
Name of publisher, distributor, etc. Department of Agricultural Botany,
Date of publication, distribution, etc. 2013.
300 ## - PHYSICAL DESCRIPTION
Extent viii, 56 p. :
Other physical details ill. ;
Dimensions 30 cm.
500 ## - GENERAL NOTE
General note MS thesis of Department of Agricultural Botany, Faculty of Agriculture, Sher-e-Bangla Agricultural University, Dhaka, Bangladesh
590 ## - Name of Cataloguer
Name of Cataloger Md. Sirajul Islam
650 ## - SUBJECT ADDED ENTRY--TOPICAL TERM
Topical term or geographic name as entry element Botany
650 ## - SUBJECT ADDED ENTRY--TOPICAL TERM
Topical term or geographic name as entry element Variety
650 ## - SUBJECT ADDED ENTRY--TOPICAL TERM
Topical term or geographic name as entry element Seed
650 ## - SUBJECT ADDED ENTRY--TOPICAL TERM
Form subdivision Yield
650 ## - SUBJECT ADDED ENTRY--TOPICAL TERM
Topical term or geographic name as entry element Black cumin
700 ## - ADDED ENTRY--PERSONAL NAME
Personal name Bhadra, Asim Kumar
Relator term Supervisor
700 ## - ADDED ENTRY--PERSONAL NAME
Personal name Moniruzzaman, Mohd.
Relator term Co-supervisor
856 ## - ELECTRONIC LOCATION AND ACCESS
Uniform Resource Identifier <a href="http://archive.saulibrary.edu.bd:8080/xmlui/handle/123456789/381">http://archive.saulibrary.edu.bd:8080/xmlui/handle/123456789/381</a>
Link text Online Access
942 ## - ADDED ENTRY ELEMENTS (KOHA)
Source of classification or shelving scheme Dewey Decimal Classification
Koha item type MS Level Thesis
Holdings
Withdrawn status Lost status Source of classification or shelving scheme Damaged status Not for loan Collection code Home library Branch Name Shelving location Date acquired Total Checkouts Full call number Barcode Date last seen Price effective from Koha item type
    Dewey Decimal Classification   Not For Loan Reference SAU Library SAU Library Reference 19/06/2015   581 K8325 39205 26/08/2015 26/08/2015 MS Level Thesis